000 04425cam a22013214i 4500
003 PE-LiUPU
005 20250813185554.0
008 150706s2009 pe a rb 000 0 spa d
020 _a9789972387852
035 _a(Sirsi) i9789972387852
040 _aPE-LiUPU
_bspa
_cPE-LiUPU
_erda
049 _aPRUA
082 0 4 _a378.985
_bC26
_221
100 1 _aCarrasco Díaz, Sergio,
_eautor.
245 1 0 _aGestión de calidad y formación profesional :
_bacreditación universitaria /
_cSergio Carrasco Díaz.
264 1 _aLima :
_bSan Marcos,
_c2009.
300 _a493 páginas :
_bilustraciones ;
_c22 centímetros
336 _atext
_2rdacontent
337 _aunmediated
_2rdamedia
338 _avolume
_2rdacarrier
504 _aIncluye bibliografía.
505 0 _aGestión de calidad -- Gestión educativa -- Formación profesional: concepto, calidad y otros aspectos significativos -- Política educativa -- Evaluación, acreditación y certificación de la calidad educativa -- Ranking mundial de universidades.
526 _aP202
526 _aP201
526 _aP163
526 _aP162
526 _aP161
526 _aP160
526 _aP148
526 _aP147
526 _aP146
526 _aP145
526 _aP144
526 _aP143
526 _aP142
526 _aP141
526 _aP140
526 _aP139
526 _aP138
526 _aP137
526 _aP136
526 _aP135
526 _aP134
526 _aP133
526 _aP129
526 _aP128
526 _aP127
526 _aP120
526 _aP119
526 _aP118
526 _aP116
526 _aP115
526 _aP114
526 _aP110
526 _aP109
526 _aP108
526 _aP104
526 _aP103
526 _aP102
526 _aP99
526 _aP98
526 _aP97
526 _aP96
526 _aP95
526 _aP93
526 _aP90
526 _aP89
526 _aP88
526 _aP83
526 _aP82
526 _aP62
526 _aP59
526 _aP58
526 _aP57
526 _aP51
526 _aP49
526 _aP48
526 _aP47
526 _aP29
526 _aP24
526 _aP20
526 _aP19
526 _aP17
526 _aP15
526 _aP14
526 _aP12
526 _aP10
526 _aP09
526 _aP08
526 _aP07
526 _aP06
526 _aP05
526 _aP04
526 _aP01
541 _g001-000062;
541 _g001-000062;
541 _g001-000062;
541 _g015-0011610;
650 0 4 _aFormación profesional
_xGestión de calidad.
650 0 4 _aUniversidades
_xAcreditación
_zPerú.
910 _bjv
_cng
_d20100524
942 _2ddc
_cBOOK
949 _a378.985 C26
_wDEWEY
_c1
_i61724
_d2016-4-26
_e2016-4-24
_lCCODEBUL1
_mBUL
_n3
_p12.00
_r0
_sY
_tBOOK
_u2015-7-6
_xEDUCACION
_PP20
_0COMPRA
_o.STAFF. Colección General
949 _a378.985 C26
_wDEWEY
_c2
_i68522
_lCCODEBUL1
_mBUL
_p18.00
_r0
_sY
_tBOOK
_u2015-7-6
_xEDUCACION
_PP47
_0COMPRA
_o.STAFF. Colección General
949 _a378.985 C26
_wDEWEY
_c3
_i68523
_lCCODEBUL1
_mBUL
_p18.00
_r0
_sY
_tBOOK
_u2015-7-6
_xEDUCACION
_PP47
_0COMPRA
_o.STAFF. Colección General
949 _a378.985 C26
_wDEWEY
_c4
_i68524
_d2015-10-18
_e2015-10-18
_lCCODEBUL1
_mBUL
_n3
_p18.00
_r0
_sY
_tBOOK
_u2015-7-6
_xEDUCACION
_PP47
_0COMPRA
_o.STAFF. Colección General
994 _aC0
_bPEPRU
596 _a1
999 _a378.985 C26
_wDEWEY
_c50871
_i61724
_d50871
_e2018-3-1
_f2021-11-8
_g5
_lCCODEBUL1
_mBUL
_n5
_p12.00
_r0
_sY
_tBOOK
_u2015-7-6
_xEDUCACION
_PP20
_0COMPRA
_o.STAFF. Colección General
999 _a378.985 C26
_wDEWEY
_c2
_i68522
_f2021-11-8
_g5
_lCCODEBUL1
_mBUL
_p18.00
_r0
_sY
_tBOOK
_u2015-7-6
_xEDUCACION
_PP47
_0COMPRA
_o.STAFF. Colección General
999 _a378.985 C26
_wDEWEY
_c3
_i68523
_f2021-11-8
_g5
_lCCODEBUL1
_mBUL
_p18.00
_r0
_sY
_tBOOK
_u2015-7-6
_xEDUCACION
_PP47
_0COMPRA
_o.STAFF. Colección General
999 _a378.985 C26
_wDEWEY
_c4
_i68524
_d2015-10-18
_e2015-10-18
_f2021-11-8
_g5
_lCCODEBUL1
_mBUL
_n3
_p18.00
_r0
_sN
_tBOOK
_u2015-7-6
_xEDUCACION
_PP47
_0COMPRA
_o.STAFF. Colección General
980 _81
_gALBERTO SANCHEZ Responsable de Automatización